000
00297pam a2200121a 44500
008
230405s2022 xxu||||| |||| 00| 0 eng d
041
_a
ENG
100
_a
DR.S B BHISE /M S BHISE
245
_a
SOCIAL PHARMACY ( BHISE)
260
_a
PUNE
_b
NIRALI PRAKESHN
_c
2022
300
_a
15.2
906
_a
2751
999
_c
268190
_d
268190